| 000 | 01099nam a2200277 a 4500 | ||
|---|---|---|---|
| 008 | 960329s1988||||[C 0 slo c | ||
| 020 |
_c95 Kčs _q(50 000 výtl.) |
||
| 040 |
_aSNK _bslo _cSNK _eAACR2 |
||
| 041 | 1 | _aslo | |
| 080 | _a912(100)(084.4) | ||
| 245 | 1 | 0 |
_aAtlas sveta pre každého _hMapa ; Jozef Ščipák, Elena Strečanská, Dušan Darovec, Helena Jarábková |
| 250 | _a1., vyd. | ||
| 260 |
_aBratislava _bSlovenská kartografia _c1988 _eBratislava _fSlovenská kartografia |
||
| 300 |
_a117 s. _c30x21 cm |
||
| 500 | _aAtlas. Obsah. Predslov. Mp. časť. Text. časť. Fot. Vlajky štátov. Reg. Vysvetl. Red. uzáv. 15. 5. 1988. | ||
| 500 | _aSprac. Slovenská kartografia, Bratislava. Zodp. red. Jozef Ščipák. Techn. red. Elena Strečanská. Výtv. red. Dušan Darovec, Helena Jarábková. | ||
| 700 | 1 |
_aŠčipák, Jozef _4aut |
|
| 700 | 1 |
_aStrečanská, Elena _4aut |
|
| 700 | 1 |
_aDarovec, Dušan _4aut |
|
| 700 | 1 |
_aJarábková, Helena _4aut |
|
| 923 | _avšeobecnozemepisný | ||
| 923 | _aviazaný | ||
| 923 | _apre verejnosť | ||
| 044 |
_axo _cSK |
||
| 958 | _aCMO | ||
| 999 |
_c18515 _d18515 |
||